00494nam a2200193 a 4500001001300000003000900013005001700022008004100039020001000080082001700090100002700107245001600134260002000150300000900170500003500179505003100214650002800245700002700273nice12345678IN_TiNIC20260116011309.0050524s1895 leba grp 000 0 ara  ac10000a922.97bBAR1 aBarudi, Bishara Afandi aIbnul Malik aLebanonbc1895 a139p aincludes index and biblioraphy2 aNotes, Bibliography, Index aBilly Bray-Ibn-Ul-Malik1 aBarudi, Bishara Afandi